000 00893nam a2200253Ia 4500
003 OSt
005 20220918110214.0
006 a|||||r|||| 00| 0
007 ta
008 220915b |||||||| |||| 00| 0 eng d
020 _a8187586117 (hbk)
_cINR 1250.00
024 _a64,818
037 _b54503, 08/03/2018, Segment Book Distributors
_cReference Collections
040 _aARTS
_cARTS
_beng
041 _2eng
_aeng
082 _az2, P3.2(RR)
100 _aChattopadhyaya D. P. Ed.
245 0 _aHistory of science philosophy and culture in indian civilization
260 _aNew Delhi
_bCentre for Studies in Civilizations India
_c2003
490 _vVol.-2. part 4
650 _aGENERALIA; INDIA - HISTORY
942 _hz2, P3.2(RR)
_cREF
999 _c111574
_d111574